Statistics for The William Howard Taft Presidency

Click here to take the quiz!

General Stats

  • This quiz has been taken 274 times
  • The average score is 10 of 17

Answer Stats

HintAnswer% Correct
Taft was the first President to throw the ceremonial pitch at a game of this sportBaseball
93%
His political partyRepublican
92%
1912 election opponentsTheodore Roosevelt
84%
After his Presidency, he served as the Chief Justice of what?Supreme Court
83%
1912 election opponentsWoodrow Wilson
82%
His home stateOhio
75%
Position he served under Theodore RooseveltSecretary of {War}
70%
His alma materYale
63%
His wife's name (starts with H)Helen
59%
The Sixteenth Amendment allowed Congress to levy an ______ ___ without apportioning it among the states on the basis of populationIncome tax
52%
His wife's nickname (starts with N)Nellie
39%
Finish the quotesAbout being a Justice: "I don't remember that I was ever {President}."
37%
The only states he won in that electionVermont
34%
His Vice PresidentJames S. Sherman
33%
Finish the quotes"Politics, when I am in it, makes me {sick}."
31%
The only states he won in that electionUtah
26%
Finish the quotesAbout his campaign: "...one of the most {uncomfortable} four months of my life."
4%

Score Distribution

Percentile by Number Answered

Percent of People with Each Score

Your Score History

You have not taken this quiz